श्री समर्थ रामदासस्वामीउाgऎत श्री दासबोध (Record no. 338475)

MARC details
000 -LEADER
fixed length control field 00873nam a2200169Ia 4500
008 - FIXED-LENGTH DATA ELEMENTS--GENERAL INFORMATION
fixed length control field 090711s9999 xx 000 0 und d
082 ## - DEWEY DECIMAL CLASSIFICATION NUMBER
Item number 1444
100 ## - MAIN ENTRY--PERSONAL NAME
Personal name जोशी लक्ष्मणशास्त्री
245 ## - TITLE STATEMENT
Title श्री समर्थ रामदासस्वामीउाgऎत श्री दासबोध
260 ## - PUBLICATION, DISTRIBUTION, ETC. (IMPRINT)
Name of publisher, distributor, etc सुमंगल प्रेस (प्रा.) लिमिटेड
Date of publication, distribution, etc 1993
300 ## - PHYSICAL DESCRIPTION
Extent 487
600 ## - SUBJECT ADDED ENTRY--PERSONAL NAME
Personal name जोशी लक्ष्मणशास्त्री
630 ## - SUBJECT ADDED ENTRY--UNIFORM TITLE
Uniform title श्री समर्थ रामदासस्वामीउाgऎत श्री दासबोध
700 ## - ADDED ENTRY--PERSONAL NAME
Personal name जोशी लक्ष्मणशास्त्री
730 ## - ADDED ENTRY--UNIFORM TITLE
Uniform title श्री समर्थ रामदासस्वामीउाgऎत श्री दासबोध
942 ## - ADDED ENTRY ELEMENTS (KOHA)
Koha item type Book

No items available.